00421nam a2200181Ia 4500003000400000005001700004008004100021020002200062040000700084041000800091082002100099100001900120245001900139260003600158300001600194365001300210650001600223OSt20230427112557.0210423s2008 xx 000 0 und d a978-0-141-03578-9 cAL aeng a770.1 223bSONO aSONTAG (Susan) aOn photography aLondonbPenguin Books Ltdc2008 a207,viibPB b499cINR aPhotography